Evanjelická sloboda v priestoroch školy

Bibliographic Details
Main Authors: Ochel, Herbert (Author), Pista, D. (Author)
Other Authors: Slaboňová, Ľ. (Translator)
Format: Article
Language:Slovak
Subjects:

MARC

LEADER 00000nab a2200000 a 4500
001 vtls000612804
003 SK-MaSNL
005 20260304101207.0
008 250426c1997 xo 0 slo
015 |a SNBRB19rr/mm-uuuuu 
035 |a CL0612943 
035 |a urn:nbn:sk:snk-abepp9 
035 |a (urnnbn)urn:nbn:sk:snk:ar-a08xyy 
035 |a (uuid)a8ce091f-10e7-4906-993a-3c5951564908 
040 |a SNKBUCL  |b slo  |c SNKBUCL  |e AACR2 
041 0 |a slo 
044 |a xo  |c SK 
080 |a 284.1:371  |2 1981 
100 1 |a Ochel, Herbert  |4 aut  |9 1396229 
245 1 0 |a Evanjelická sloboda v priestoroch školy  |c Herbert Ochel ; Prekl. Ľ. Slaboňová, D. Pista 
650 0 7 |a Evanjelická cirkev a.v.  |2 snkbucl  |9 268741 
650 0 7 |a školstvo  |2 snkbucl  |9 19712 
650 0 7 |a kresťanská morálka  |2 snkbucl  |9 4269 
650 0 7 |a kresťanská výchova  |2 snkbucl  |9 63301 
655 7 |a články z novín a časopisov  |2 snkbucl  |9 267496 
700 1 |a Slaboňová, Ľ.  |4 trl  |9 1396230 
700 1 |a Pista, D.  |4 aut  |9 1396231 
773 0 |t Cirkevné listy  |g Roč. 110, č. 1 (1997)  |g Č. 1 (1997), s. 2-6 
773 0 |t [Príl.] Evanjelické školy  |g Roč. 110, č. 1 (1997)  |g Č. 1 (1997), s. 2-6 
850 |a Slovenská národná knižnica 
852 |a Slovenská národná knižnica 
954 |a odborná, vedecká literatúra pôvodná (slovenská)  |2 lita 
958 |a article27 
958 |a RK 
958 |a OND 
958 |a EUIPO 
992 |a RBX 
999 |c 2841007  |d 2842937